000 00481nam a2200169 i 4500
001 47383
003 ES-MaACL
005 20250620063014.0
007 t|
008 030407s1960 sp ||||1| spa d
100 1 _aCorbera Fradera, Carolina,
_d1926-1979
_940459
245 1 0 _aRevuelto de mariposas /
_cCarolina Corbera Fradera.
260 _aMadrid :
_bLincor,
_c1960.
300 _a279 p. ;
_c18 cm.
852 _aES-MaACL
_jC-19063
_bR.46707
999 _c47383
_d47383